00337pab a2200121 454500008004000000100001600040245006200056260000900118300001100127362001400138650002900152773003400181180718b1991 xxu||||| |||| 00| 0 eng d aMenon, Usha aIntellectual property rights and agricultural development c1991 a1660-7 a6-13 Jul. aAgricultural Development aEconomic and Political Weekly